00530nam a2200181 a 45000010010000000030011000100080041000210350026000620820014000881000021001022450023001232600043001466500022001899420012002119520090002239980020003139990015003330000-9358ELIB.Books110520 1941  a(ELIB.Books)0000-9510 a258 bDic aDick, Russell L. aWho is my Patient? bNew York: The Macmillan Company c1941 aPastoral Theology 2ddccBK 00102ddc4070aKBTSbKBTSd2011-05-20l0p4483r2022-01-22 00:00:00w2022-01-22yBK cbate2011-05-20 c9358d9358